Les 10 plus grandes villes de Lettonie - Statistiques

Statistiques générales
  • Ce quiz a été pris 31 fois
    19 depuis la dernière actualisation
  • Le résultat moyen est 4 sur 10
Statistiques - réponses
Population Ville % Correct
605 273 Riga
100%
77 799 Daugavpils
63%
66 680 Liepāja
44%
54 701 Jelgava
31%
32 634 Ventspils
31%
52 154 Jūrmala
25%
22 767 Ogre
25%
22 376 Valmiera
19%
21 150 Jēkabpils
13%
26 131 Rēzekne
13%
Aucun quiz correspondant
Distribution des résultats
% des personnes avec chaque résultat
Percentile par nombre de réponses
Votre historique - résultats
Vous n’avez pas pris ce quiz depuis la dernière actualisation